|
|
|
|
| LEADER |
00975nam a2200241 a 4500 |
| 001 |
2386038 |
| 008 |
091222r19981986nyuae b 001 0 eng d |
| 010 |
|
|
|a 85007381
|
| 020 |
|
|
|a 0442227310 (pbk.)
|
| 040 |
|
|
|a DLC
|c DLC
|d DLC
|d BD-DhAAL
|
| 082 |
0 |
0 |
|a 711/.4
|2 19
|
| 100 |
1 |
|
|a Gallion, Arthur B.
|
| 245 |
1 |
4 |
|a The urban pattern :
|b city planning and design /
|c Arthur B. Gallion, Simon Eisner.
|
| 250 |
|
|
|a 5th ed.
|
| 260 |
|
|
|a New York, NY;
|a New Delhi :
|b CBS Publishers,
|c c1986.[reprinted 1998]
|
| 300 |
|
|
|a xi, 643 p. :
|b ill., plans ;
|c 23 cm.
|
| 504 |
|
|
|a Includes bibliography: [p. 609-627] and index.
|
| 541 |
1 |
|
|e 00010810
|
| 650 |
|
0 |
|a City planning.
|
| 700 |
1 |
|
|a Eisner, Simon.
|
| 852 |
4 |
|
|a Ayesha Abed Library
|j General Shelf.
|
| 999 |
|
|
|c 6351
|d 6351
|
| 952 |
|
|
|0 0
|1 0
|2 ddc
|4 0
|6 711_400000000000000_GAL_1998
|7 0
|9 6406
|a BRACUL
|b BRACUL
|c GEN
|d 2009-12-23
|g 0.00
|l 6
|m 32
|o 711.4 GAL
|p 3010010810
|r 2025-06-23
|s 2025-06-01
|t 1
|w 2009-12-23
|y BK
|x No price found in the accession register.
|